Statistics for City to Country Quiz #7

Click here to take the quiz!

General Stats

  • This quiz has been taken 22 times
  • The average score is 16 of 27

Answer Stats

CityCountry% Correct
InnsbruckAustria
100%
StrasbourgFrance
100%
BremenGermany
100%
AntwerpBelgium
95%
WinnipegCanada
95%
AlicanteSpain
95%
AstanaKazakhstan
89%
KobeJapan
84%
EspooFinland
79%
CataniaItaly
79%
HyderabadIndia
74%
PrestonUnited Kingdom
74%
BelmopanBelize
68%
YangonMyanmar
68%
PermRussia
53%
TabrizIran
47%
South TarawaKiribati
42%
NgerulmudPalau
42%
BasseterreSaint Kitts and Nevis
42%
KópavogurIceland
37%
MariborSlovenia
37%
Glen CoveUnited States
32%
GitegaBurundi
26%
ValdiviaChile
11%
MutsamuduComoros
5%
KaédiMauritania
5%
QuelimaneMozambique
5%

Score Distribution

Percentile by Number Answered

Percent of People with Each Score

Your Score History

You have not taken this quiz